Statistics for On This Day (June 25th) Multiple Choice

Click here to take the quiz!

General Stats

  • This quiz has been taken 10 times
  • The average score is 5 of 15

Answer Stats

QuestionAnswer% Correct
1975 – Mozambique achieves independence from which nation ?Portugal
75%
1978 – The rainbow flag representing gay pride is flown for the first time during the which city's Gay Freedom Day Parade ?San Francisco
75%
1938 – Dr. Douglas Hyde is inaugurated as the first President of which country ?Ireland
50%
1741 – Maria Theresa is crowned Queen of which nation ?Hungary
38%
1788 – Which state becomes the tenth state to ratify the United States Constitution ?Virginia
38%
2017 – The World Health Organization estimates that which country has over 200,000 cases of cholera ?Yemen
38%
1658 – Spanish forces fail to retake which island at the Battle of Rio Nuevo during the Anglo-Spanish War ?Jamaica
25%
1940 – Clint Warwick, English bass player, is born. With which band was he the original bass player ?Moody Blues
25%
1678 – When she graduates from the University of Padua, Venetian Elena Cornaro Piscopia is the first woman awarded a doctorate of which branch of study ?Philosophy
25%
1910 – The United States Congress passes the Mann Act, which prohibits interstate transport of what ?Women or girls for “immoral purposes”
25%
1923 – Capt. Lowell H. Smith and Lt. John P. Richter perform the first ever what in a DH.4B biplane ?Aerial refueling
13%
1786 – Gavriil Pribylov discovers St. George Island of the Pribilof Islands in which body of water ?Bering Sea
13%
1993 – Kim Campbell is sworn in as the first female Prime Minister of which country ?Canada
13%
1960 – Two cryptographers working for the United States National Security Agency defected to the Soviet Union while on vacation in which country ?Mexico
13%
1944 – World War II: The Battle of Tali-Ihantala begins. It is the largest battle ever fought in which region ?Nordic Countries
0%

Score Distribution

Percentile by Number Answered

Percent of People with Each Score

Your Score History

You have not taken this quiz